000 00780nam a2200205Ia 4500
005 20241216011301.0
008 190429s9999||||xx |||||||||||||| ||und||
082 _a622.2
_bQ62
100 _aQUINTANA ORTEGA FELIPE JESUS
245 0 _aDISEÑO GEOMECANICO APLICADO EN LA SELECCION DEL METODO DE EXPLOTACION PARA VETAS Y CUERPOS UNIDAD MINERA CATALINA HUANCA S.A.C.
250 _a0
260 _aCERRO DE PASCO-PERU
_bUNDAC
_c2015
300 _a113 pag.
_c30 cm.
341 _h0
490 _v0
_a0
505 _aESTUDIO DE INVESTIGACION,GENERALIDADES,GEOLOGIA,CLASIFICACION Y PARAMETROS GEOMECANICOS,METODO GEOMECANICO DE LA MINA,DISEÑO Y ANALISIS GEOMECANICO.
541 _aD
_bQUINTANA ORTEGA FELIPE
_d10-Jan-17
_oSoles
650 _aIngenieria Metalurgica
942 _cTESIS
999 _c37659
_d37659